| 000 | 00734nam a22002297a 4500 | ||
|---|---|---|---|
| 003 | NUST | ||
| 005 | 20260427153847.0 | ||
| 008 | 260427b ||||| |||| 00| 0 eng d | ||
| 020 | _a9781350398856 | ||
| 038 | _aMalang Jan | ||
| 082 |
_a745.2 _bMOR |
||
| 100 | 1 |
_aMorris,Richard _986317 |
|
| 245 | 1 | 4 |
_aThe fundamentals of product design/ _cby Richard Morris |
| 250 | _a2nd Edition. | ||
| 260 |
_aLondon; _bBloomsbury Visual Arts: _c2009. |
||
| 300 |
_a184p.; _bill; _c22cm. |
||
| 650 | _2Industrial Design, Product Technology & Engineering, Manufacturing | ||
| 650 | _2Product Management/Development | ||
| 650 | _2 Industrial Design | ||
| 942 |
_2ddc _cBK |
||
| 999 |
_c617240 _d617240 |
||